Technická mechanika II pro střední odborná učiliště. [Díl] 2 /

Hlavní autor: Mičkal, Karel
Jazyk: Čeština
Vydáno: Praha : Informatorium, 1998
Vydání: 3. nezm. vyd.
Témata:
Externí odkaz: Digitalizovaný dokument
Fyzický popis: 118 s. : il. ; 21 cm
Knihy
Uloženo v:
LEADER 01449nam a2200349 a 4500
001 000269167
003 CZ BrMZK
005 20161130095505.0
008 980107s1998 xr f cze d
015 |a cnb000292371 
020 |a 80-86073-23-8 
035 |a (OCoLC)38762657 
040 |a BOA001  |b cze 
080 |a 372.853.18(075.3)  |2 MRF 
080 |a 531.8(075.3)  |2 MRF 
100 1 |a Mičkal, Karel  |7 jx20040618024  |4 aut 
245 1 0 |a Technická mechanika II pro střední odborná učiliště.  |n [Díl] 2 /  |c Karel Mičkal 
246 1 4 |a Technická mechanika II 
250 |a 3. nezm. vyd. 
260 |a Praha :  |b Informatorium,  |c 1998 
300 |a 118 s. :  |b il. ;  |c 21 cm 
504 |a Obsahuje bibliografii 
500 |a Dostupné též v digitální podobě v aplikaci Kramerius 
653 0 |a technická mechanika 
856 4 1 |u http://www.digitalniknihovna.cz/mzk/uuid/uuid:a99ac080-b78a-11e6-a108-005056827e51  |y Digitalizovaný dokument  |x NDK 
910 |a BOA001  |b PK-0128.993,2  |b TK-0260.685,2 
920 |a 000259249 
964 |a Mechanika technická  |x učebnice  |x školy učňovské 
990 |a BK 
996 7 |b 2620009198  |c TK-0260.685,2  |l MZK  |r Sklad / do 24 hodin  |n 11  |p kup  |w 000269167  |u 000020  |a 1  |e BOA001  |j MZK50  |s A 
996 7 |b 2620009330  |c TK-0260.685,2  |l MZK  |r Sklad / do 24 hodin  |n 3  |p kup  |w 000269167  |u 000030  |a 1  |e BOA001  |j MZK50  |s A 
996 7 |b 3119010431  |c PK-0128.993,2  |l MZK  |r Sklad / do 1 hodiny  |n 16  |p p.v.  |w 000269167  |u 000010  |a 1  |e BOA001  |j MZK50  |s A